[Event "Wch FIDE Online U12"]
[Site "Tornelo INT"]
[Date "2020.12.19"]
[Round "1.1"]
[White "Anand, Batsukh"]
[Black "Saveljev, Ivan"]
[Result "1/2-1/2"]
[WhiteElo "1965"]
[BlackElo "2108"]
[PlyCount "107"]
[EventDate "2020.12.19"]
[EventType "k.o. (rapid)"]
[EventRounds "4"]
[EventCountry "ISS"]
[SourceTitle "EXT 2022"]
[Source "ChessBase"]
[SourceDate "2021.10.06"]
[SourceVersion "1"]
[SourceVersionDate "2021.10.06"]
[SourceQuality "1"]

1. d4 Nf6 2. c4 g6 3. Nc3 d5 4. cxd5 Nxd5 5. e4 Nxc3 6. bxc3 Bg7 7. Nf3 c5 8. h3 Nc6 9. d5 Ne5 10. Bd2 0-0 11. Nxe5 Bxe5 12. Be2 e6 13. Bf3 exd5 14. exd5 Qf6 15. Rc1 Re8 16. 0-0 Bd6 17. Re1 Bd7 18. c4 Rxe1+ 19. Qxe1 Re8 20. Qf1 Bxh3 21. Re1 Rxe1 22. Qxe1 Bd7 23. Qc1 h5 24. Bg5 Qd4 25. Bh6 Kh7 26. Be3 Qh4 27. g3 Bxg3 28. fxg3 Qxg3+ 29. Bg2 Bh3 30. Qd2 Bxg2 31. Qf2 Qxf2+ 32. Kxf2 Bh3 33. Bxc5 b6 34. Bd6 Kg7 35. Bb8 a6 36. Ba7 b5 37. c5 Kf6 38. Bb8 Ke7 39. c6 g5 40. Be5 f6 41. d6+ Kf7 42. d7 Bxd7 43. cxd7 Ke7 44. Bxf6+ Kxd7 45. Bxg5 Kc6 46. Bd2 h4 47. Kg2 Kc5 48. a3 Kc4 49. Kh3 Kb3 50. Bb4 Ka4 51. Kxh4 a5 52. Bc5 b4 53. axb4 axb4 54. Bxb4 1/2-1/2

[Event "EU-ch blitz"]
[Site "Tallinn"]
[Date "2019.12.07"]
[Round "1"]
[White "Babula, Vlastimil"]
[Black "Saveljev, Ivan"]
[Result "1-0"]
[WhiteElo "2605"]
[BlackElo "2014"]
[PlyCount "91"]
[EventDate "2019.12.07"]
[EventType "swiss (blitz)"]
[EventRounds "22"]
[EventCountry "EST"]
[SourceTitle "CBM 193 Extra"]
[Source "ChessBase"]
[SourceDate "2020.01.31"]
[SourceVersion "1"]
[SourceVersionDate "2020.01.31"]
[SourceQuality "1"]

1. d4 Nf6 2. c4 g6 3. Nc3 d5 4. cxd5 Nxd5 5. Bd2 Bg7 6. e4 Nxc3 7. Bxc3 0-0 8. h4 h5 9. Nh3 c5 10. d5 e6 11. Ng5 exd5 12. exd5 Re8+ 13. Be2 Qe7 14. d6 Bxc3+ 15. bxc3 Qe5 16. Kf1 Be6 17. Qd2 Nc6 18. Rd1 Rad8 19. g3 Rd7 20. f4 Qg7 21. Kf2 Qf8 22. Rhe1 Bf5 23. Bc4 Red8 24. Qd5 Kg7 25. Qxc5 Rxd6 26. Rxd6 Qxd6 27. Qxd6 Rxd6 28. Nxf7 Rd2+ 29. Re2 Rxe2+ 30. Kxe2 Bb1 31. Nd6 Na5 32. Bd5 b6 33. Ke3 Kf6 34. Kd4 Bc2 35. Ne4+ Ke7 36. Ke5 Bd3 37. Ng5 Nc4+ 38. Kd4 Nb2 39. Be4 Bc4 40. Bxg6 Bxa2 41. Bxh5 b5 42. Be2 a6 43. h5 Bg8 44. h6 Kf6 45. h7 Bxh7 46. Nxh7+ 1-0

[Event "EU-ch U12"]
[Site "Bratislava"]
[Date "2019.08.04"]
[Round "3"]
[White "Saveljev, Ivan"]
[Black "Makridis, Dimitrios"]
[Result "0-1"]
[WhiteElo "2040"]
[BlackElo "1786"]
[PlyCount "70"]
[EventDate "2019.08.02"]
[EventType "swiss"]
[EventRounds "9"]
[EventCountry "SVK"]
[SourceTitle "EXT 2020"]
[Source "ChessBase"]
[SourceDate "2019.10.17"]
[SourceVersion "1"]
[SourceVersionDate "2019.10.17"]
[SourceQuality "1"]

1. e4 c5 2. Nf3 Nf6 3. e5 Nd5 4. Nc3 e6 5. b3 Nxc3 6. dxc3 d5 7. Bd3 Nc6 8. Qe2 Be7 9. Bd2 Qc7 10. c4 dxc4 11. Bxc4 b6 12. Rd1 Bb7 13. Bc3 0-0 14. h4 Rfd8 15. Bd3 Nb4 16. Bxb4 cxb4 17. Rh3 Bxf3 18. gxf3 Rd5 19. f4 Rad8 20. h5 Rd4 21. Qf3 f6 22. Rg3 f5 23. Ke2 Bf8 24. Rdg1 Kh8 25. Rg5 Qc3 26. R5g3 Qb2 27. Qc6 Rxf4 28. Qxe6 Rxd3 29. Rxd3 Qxc2+ 30. Rd2 Re4+ 31. Kf1 Qxd2 32. Qe8 Qe2+ 33. Kg2 Rg4+ 34. Kh3 Qf3+ 35. Rg3 Qh1# 0-1

[Event "RUS-chT U14 final"]
[Site "Sochi"]
[Date "2019.05.10"]
[Round "9.4"]
[White "Saveljev, Ivan"]
[Black "Yashin, Vladimir1111"]
[Result "1-0"]
[WhiteElo "2014"]
[BlackElo "1652"]
[PlyCount "101"]
[EventDate "2019.05.01"]
[EventType "team-tourn"]
[EventRounds "9"]
[EventCountry "RUS"]
[SourceTitle "CBM 190 Extra"]
[Source "ChessBase"]
[SourceDate "2019.07.15"]
[SourceVersion "1"]
[SourceVersionDate "2019.07.15"]
[SourceQuality "1"]

1. e4 Nc6 2. Nf3 d6 3. d4 Nf6 4. Nc3 g6 5. Be2 Bg7 6. 0-0 0-0 7. h3 a6 8. Be3 b5 9. a3 Bb7 10. Qd2 e5 11. d5 Ne7 12. Rad1 Qd7 13. Nh2 Rad8 14. Bh6 c6 15. Bxg7 Kxg7 16. f4 Neg8 17. Ng4 exf4 18. Nxf6 Nxf6 19. Rxf4 Qe7 20. dxc6 Bxc6 21. Rdf1 Ng8 22. Qd4+ f6 23. Bd3 Bb7 24. a4 bxa4 25. Qxa4 Ra8 26. Kh1 Qe8 27. Qb4 Qe7 28. Qd4 Qe5 29. Qb6 Qe7 30. Qf2 Qc7 31. Qd4 Qc5 32. Qxc5 dxc5 33. Nd5 Rac8 34. c4 g5 35. R4f2 h6 36. Bc2 Bc6 37. Ra1 Bxd5 38. exd5 Ra8 39. Ra5 Rfc8 40. Bf5 Rcb8 41. Rxc5 Ra7 42. d6 Kh8 43. Rc7 Rxc7 44. dxc7 Ra8 45. c8Q Rxc8 46. Bxc8 Kg7 47. Bxa6 Ne7 48. c5 Nc6 49. Bb7 Na5 50. c6 Nxc6 51. Bxc6 1-0

[Event "RUS-chT U14 final"]
[Site "Sochi"]
[Date "2019.05.08"]
[Round "7.3"]
[White "Balayan, Eduard"]
[Black "Saveljev, Ivan"]
[Result "0-1"]
[WhiteElo "1609"]
[BlackElo "2014"]
[PlyCount "104"]
[EventDate "2019.05.01"]
[EventType "team-tourn"]
[EventRounds "9"]
[EventCountry "RUS"]
[SourceTitle "CBM 190 Extra"]
[Source "ChessBase"]
[SourceDate "2019.07.15"]
[SourceVersion "1"]
[SourceVersionDate "2019.07.15"]
[SourceQuality "1"]

1. e4 c5 2. Nf3 Nc6 3. d4 cxd4 4. Nxd4 Nf6 5. Nc3 e5 6. Nxc6 bxc6 7. Bc4 Bb4 8. 0-0 0-0 9. Bg5 h6 10. Bh4 d6 11. f4 exf4 12. Qd3 g5 13. Bf2 Ng4 14. Rad1 Ne5 15. Qd4 Bc5 16. Qxe5 Bxf2+ 17. Rxf2 dxe5 18. Rxd8 Rxd8 19. h3 Be6 20. Ba6 Rab8 21. b3 Rd4 22. Bd3 Rf8 23. Na4 Rxa4 24. bxa4 Bxa2 25. Kf1 Rd8 26. Ke2 Rd4 27. c3 Rxa4 28. Bc2 Bc4+ 29. Kd2 Ra2 30. Ke1 a5 31. Rd2 Ra1+ 32. Bd1 Bb3 33. Rd8+ Kg7 34. c4 Rxd1+ 35. Rxd1 Bxd1 36. Kxd1 f5 37. exf5 e4 38. Ke2 a4 39. Kd2 e3+ 40. Ke2 a3 41. f6+ Kxf6 42. h4 a2 43. hxg5+ hxg5 44. g3 a1Q 45. gxf4 gxf4 46. c5 Kf5 47. Kd3 e2 48. Kxe2 Ke4 49. Kf2 Qb2+ 50. Kg1 f3 51. Kf1 Qg2+ 52. Ke1 Qe2# 0-1

[Event "Chigorin Memorial 26th"]
[Site "St Petersburg"]
[Date "2018.10.31"]
[Round "5"]
[White "Saveljev, Ivan"]
[Black "Petrov, Maksim1111"]
[Result "1/2-1/2"]
[WhiteElo "1841"]
[BlackElo "1589"]
[PlyCount "171"]
[EventDate "2018.10.27"]
[EventType "swiss"]
[EventRounds "9"]
[EventCountry "RUS"]
[SourceTitle "CBM 187 Extra"]
[Source "ChessBase"]
[SourceDate "2018.11.04"]
[SourceVersion "1"]
[SourceVersionDate "2018.11.04"]
[SourceQuality "1"]

1. e4 c6 2. d4 d5 3. Nc3 dxe4 4. Nxe4 Bf5 5. Ng3 Bg6 6. Nf3 Nd7 7. Bc4 e6 8. 0-0 Ngf6 9. Re1 Be7 10. c3 0-0 11. Nh4 Rc8 12. Nxg6 hxg6 13. b4 a5 14. a3 Ra8 15. Bd2 axb4 16. axb4 b5 17. Bb3 Nb6 18. Qc2 Ne8 19. Ne4 Nd6 20. Nxd6 Bxd6 21. Qe4 Qc7 22. g3 Nd5 23. Bc2 Ra7 24. Rxa7 Qxa7 25. h4 Qa2 26. Qd3 Nf6 27. Bb1 Qd5 28. Bc2 Ra8 29. Bd1 Qa2 30. Bg5 Nd5 31. h5 gxh5 32. Bc2 g6 33. Rxe6 Nf4 34. gxf4 Qxe6 35. Qf3 Qg4+ 36. Qxg4 hxg4 37. Be4 Rc8 38. f5 g3 39. f3 gxf5 40. Bxf5 Ra8 41. Be4 Ra1+ 42. Kg2 Ra2+ 43. Kg1 Rh2 44. Bxc6 Rh5 45. Be3 Kf8 46. d5 Ke7 47. Bc5 Re5 48. Kf1 Bxc5 49. bxc5 Re3 50. d6+ Kd8 51. Bxb5 Rxf3+ 52. Kg2 Rxc3 53. c6 Ra3 54. c7+ Kc8 55. Bc4 Ra8 56. Bb5 Ra5 57. Bc4 Kd7 58. Bxf7 Rc5 59. Kxg3 Kxd6 60. Kf4 Rxc7 61. Bb3 Rb7 62. Bd1 Rb4+ 63. Ke3 Ke5 64. Bc2 Rh4 65. Bd1 Rh3+ 66. Kf2 Kf4 67. Kg2 Ra3 68. Bh5 Ra2+ 69. Kh3 Kg5 70. Bf3 Ra3 71. Kg3 Kf5 72. Kg2 Kf4 73. Bh5 Ra5 74. Bd1 Rg5+ 75. Kf2 Rg3 76. Be2 Ra3 77. Kf1 Ke3 78. Bb5 Ra2 79. Bc6 Rc2 80. Bb7 Kf4 81. Bd5 Rb2 82. Bc6 Rc2 83. Bb7 Rc7 84. Bd5 Kg3 85. Ba8 Re7 86. Bd5 1/2-1/2

[Event "Chigorin Memorial 26th"]
[Site "St Petersburg"]
[Date "2018.10.30"]
[Round "4"]
[White "Kurchenko, Egor"]
[Black "Saveljev, Ivan"]
[Result "1-0"]
[WhiteElo "1710"]
[BlackElo "1841"]
[PlyCount "79"]
[EventDate "2018.10.27"]
[EventType "swiss"]
[EventRounds "9"]
[EventCountry "RUS"]
[SourceTitle "CBM 187 Extra"]
[Source "ChessBase"]
[SourceDate "2018.11.04"]
[SourceVersion "1"]
[SourceVersionDate "2018.11.04"]
[SourceQuality "1"]

1. e4 e5 2. Nf3 Nf6 3. d4 Nxe4 4. Bd3 d5 5. Nxe5 Bd6 6. 0-0 0-0 7. Re1 Re8 8. c3 c6 9. Qc2 g6 10. Nd2 Bxe5 11. dxe5 Nc5 12. Nf3 Nxd3 13. Qxd3 Bf5 14. Qd4 Nd7 15. Bg5 Qc7 16. Bh6 Qb6 17. Qh4 Qxb2 18. Ng5 Rxe5 19. Bg7 Kxg7 20. Qxh7+ Kf6 21. f4 Rxe1+ 22. Rxe1 Qb6+ 23. Kh1 Rf8 24. Qh6 Be4 25. Qh4 Qd8 26. Nxe4+ Kg7 27. Ng5 Rh8 28. Qf2 Qf6 29. Qe3 b6 30. Qe7 Nf8 31. g3 a5 32. Re3 Rh6 33. Qe8 Nh7 34. Nxf7 Nf8 35. Nxh6 Kxh6 36. Qe7 Qxe7 37. Rxe7 Kh5 38. h3 c5 39. Rf7 Ne6 40. Rh7# 1-0

[Event "Chigorin Memorial 26th"]
[Site "St Petersburg"]
[Date "2018.10.27"]
[Round "1"]
[White "Saveljev, Ivan"]
[Black "Oglaza, Oskar"]
[Result "1/2-1/2"]
[WhiteElo "1841"]
[BlackElo "2310"]
[PlyCount "55"]
[EventDate "2018.10.27"]
[EventType "swiss"]
[EventRounds "9"]
[EventCountry "RUS"]
[SourceTitle "CBM 187 Extra"]
[Source "ChessBase"]
[SourceDate "2018.11.04"]
[SourceVersion "1"]
[SourceVersionDate "2018.11.04"]
[SourceQuality "1"]

1. e4 c5 2. Nf3 d6 3. Bb5+ Nc6 4. 0-0 Bd7 5. Re1 Nf6 6. Nc3 e6 7. d4 cxd4 8. Nxd4 Be7 9. Be3 0-0 10. Nb3 Qc7 11. f4 Rfd8 12. a3 Na5 13. Bxd7 Nxb3 14. cxb3 Qxd7 15. Qf3 b6 16. Rad1 Qb7 17. f5 exf5 18. Qxf5 Re8 19. Bd4 Rad8 20. Qg5 h6 21. Qg3 Nh5 22. Qf3 Nf6 23. Qg3 Nh5 24. Qf3 Nf6 25. Qg3 Nh5 26. Qf3 Nf6 27. Qg3 Nh5 28. Qf3 1/2-1/2

[Event "EU-ch U10 28th"]
[Site "Riga"]
[Date "2018.08.24"]
[Round "5"]
[White "Saveljev, Ivan"]
[Black "Materia, Marco"]
[Result "1/2-1/2"]
[WhiteElo "1794"]
[BlackElo "2033"]
[PlyCount "157"]
[EventDate "2018.08.20"]
[EventType "swiss"]
[EventRounds "9"]
[EventCountry "LAT"]
[SourceTitle "CBM 186 Extra"]
[Source "ChessBase"]
[SourceDate "2018.08.24"]
[SourceVersion "1"]
[SourceVersionDate "2018.08.24"]
[SourceQuality "1"]

1. e4 e5 2. Nf3 Nc6 3. Bc4 Nf6 4. d3 Be7 5. c3 d5 6. exd5 Nxd5 7. 0-0 0-0 8. Re1 Bg4 9. h3 Bh5 10. Qe2 Nb6 11. Bb3 Kh8 12. Be3 Bxf3 13. gxf3 Qd7 14. Qf1 Rad8 15. Bc2 Nd5 16. Nd2 f5 17. Nb3 Qe8 18. d4 Qh5 19. Bd1 f4 20. Bd2 exd4 21. cxd4 Rd6 22. Kh2 Rh6 23. Bc2 Bd6 24. Be4 Ne3 25. fxe3 fxe3+ 26. Kg1 exd2 27. Re2 Qg5+ 28. Qg2 Qf4 29. Qg4 Rh4 30. Qxf4 Bxf4 31. Kg2 Rd8 32. d5 Nb4 33. a3 Nxd5 34. Bxd5 g5 35. Nxd2 Rxd5 36. Re8+ Kg7 37. Ne4 Rh6 38. Re1 Rc6 39. Re2 Rd1 40. Nc3 Rd2 41. R8e7+ Kg6 42. Rxd2 Bxd2 43. Nd5 Rc2 44. Re2 Rxb2 45. Nxc7 Bc1 46. Rxb2 Bxb2 47. a4 a5 48. Ne6 Kf5 49. Nc5 b6 50. Nb3 Be5 51. Kf2 Ke6 52. Ke3 Kd5 53. Kd3 Bd6 54. Nd2 Bc5 55. Ne4 h6 56. Nc3+ Ke5 57. Ne2 h5 58. Kc4 Bf2 59. Kb5 Be3 60. Kc4 Bc5 61. Kd3 Bd6 62. Kc4 Bc7 63. Nd4 Bd6 64. Ne2 Bc5 65. Kd3 Be7 66. Kc4 h4 67. Kb5 Bc5 68. Kc4 Bf2 69. Kd3 Bc5 70. Kc4 Kd6 71. Nc3 Kc6 72. Ne2 Bf2 73. Nc3 Bg3 74. Ne2 Be5 75. Nc1 Bd6 76. Ne2 Be5 77. Nc1 b5+ 78. axb5+ Kb6 79. Nd3 1/2-1/2

[Event "Wch U10 blitz"]
[Site "Minsk"]
[Date "2018.06.24"]
[Round "7"]
[White "Saveljev, Ivan"]
[Black "Dang, Anh Minh"]
[Result "1-0"]
[WhiteElo "1712"]
[BlackElo "1534"]
[PlyCount "93"]
[EventDate "2018.06.24"]
[EventType "swiss (blitz)"]
[EventRounds "9"]
[EventCountry "BLR"]
[SourceTitle "EXT 2019"]
[Source "ChessBase"]
[SourceDate "2018.10.10"]
[SourceVersion "1"]
[SourceVersionDate "2018.10.10"]
[SourceQuality "1"]

1. e4 c5 2. c3 Nf6 3. e5 Nd5 4. d4 cxd4 5. Nf3 Nc6 6. cxd4 d6 7. exd6 Qxd6 8. Nc3 g6 9. Bc4 Nb6 10. Bb3 Bg7 11. d5 Na5 12. Be3 0-0 13. Bd4 Nxb3 14. axb3 Rd8 15. Bxg7 Kxg7 16. Qd4+ Kg8 17. 0-0-0 Bf5 18. g4 Bd7 19. h4 a5 20. h5 Qb4 21. hxg6 fxg6 22. Ng5 Qxd4 23. Rxd4 h5 24. gxh5 Bf5 25. hxg6 Bxg6 26. Rdh4 Nxd5 27. Nxd5 Rxd5 28. Rh8+ Kg7 29. Rxa8 Rxg5 30. Rc8 Kf6 31. Re1 e6 32. Rc7 b6 33. Rc6 b5 34. Rexe6+ Kg7 35. Re7+ Kh6 36. f4 Rg1+ 37. Kd2 Rg2+ 38. Ke3 Kh5 39. Re5+ Kh4 40. Rg5 Rxg5 41. fxg5 Kxg5 42. Rc5+ Bf5 43. Rxb5 Kf6 44. Rxa5 Ke6 45. Kd4 Bg6 46. Ra6+ Kf7 47. Rxg6 1-0

[Event "Wch U10 blitz"]
[Site "Minsk"]
[Date "2018.06.24"]
[Round "4"]
[White "Saveljev, Ivan"]
[Black "Toktomushev, Teimur"]
[Result "1-0"]
[WhiteElo "1712"]
[BlackElo "1364"]
[PlyCount "135"]
[EventDate "2018.06.24"]
[EventType "swiss (blitz)"]
[EventRounds "9"]
[EventCountry "BLR"]
[SourceTitle "EXT 2019"]
[Source "ChessBase"]
[SourceDate "2018.10.10"]
[SourceVersion "1"]
[SourceVersionDate "2018.10.10"]
[SourceQuality "1"]

1. e4 d5 2. exd5 Qxd5 3. Nc3 Qd6 4. Nf3 Nf6 5. d3 Bg4 6. Be2 e6 7. 0-0 a6 8. h3 Bh5 9. Be3 Be7 10. Qd2 0-0 11. Bf4 Qd8 12. Rad1 Nc6 13. d4 Nb4 14. Ne5 Bxe2 15. Qxe2 Nbd5 16. Nxd5 Nxd5 17. Bg3 Bg5 18. c4 Ne7 19. Qe4 c6 20. Qd3 Rc8 21. Qb3 b5 22. Qa3 Ra8 23. Rfe1 Bf6 24. Qc5 bxc4 25. Nxc6 Nxc6 26. Qxc6 Qd5 27. Qa4 Rfc8 28. Qc2 Ra7 29. Be5 Bxe5 30. dxe5 Qc5 31. Qe4 Rac7 32. Rd2 c3 33. bxc3 Qxc3 34. Red1 g6 35. Qf4 h5 36. Rd8+ Kh7 37. Rxc8 Rxc8 38. Qxf7+ Kh6 39. Qxe6 Qc2 40. Qd6 Rc6 41. Qd5 Rc5 42. Qd4 Rc4 43. Qd2+ Qxd2 44. Rxd2 Rc1+ 45. Kh2 Re1 46. f4 Re4 47. Kg3 Kg7 48. Rd7+ Kf8 49. Rd6 Kf7 50. Rxa6 Kg7 51. a4 Kf7 52. a5 Kg7 53. Ra7+ Kf8 54. a6 Ra4 55. Kh4 Rxf4+ 56. Kg5 Rf2 57. g3 Rh2 58. h4 Rg2 59. Kxg6 Rxg3+ 60. Kxh5 Re3 61. Kg6 Rxe5 62. h5 Re6+ 63. Kh7 Re5 64. h6 Rg5 65. Rg7 Ra5 66. a7 Ra6 67. a8Q+ Rxa8 68. Rg8+ 1-0